| 000 | 00723nam a2200205Ia 4500 | ||
|---|---|---|---|
| 003 | GCL | ||
| 008 | 140319s9999 xx 000 0 ara d | ||
| 040 |
_aGCL / _cGCL |
||
| 082 | 0 | 4 |
_aم _b922.1 _bم ذ |
| 100 | 1 | _aجمال الدين الشيال | |
| 245 | 1 | 0 |
_aالذهب المسبوك فى ذكر من حج من الخلفاء والملوك / _cجمال الدين الشيال |
| 260 |
_a[S.N] : _bمطبعة لجنة التأليف والترجمة والنشر ، _c1955 |
||
| 300 | _a162 ص | ||
| 490 |
_aشكاوى المصرى الفصيح _v0 |
||
| 650 | 0 | 4 | _aالاسلام |
| 650 | 0 | 4 | _aالحج |
| 650 | 0 | 4 | _aالملوك والحكام |
| 650 | 0 | 4 | _aالخلفاء الراشدون |
| 942 |
_2ddc _cREF |
||
| 999 |
_c59422 _d59422 |
||